| 000 | 01496atm a2200469 4500 | ||
|---|---|---|---|
| 005 | 20241204130613.0 | ||
| 008 | 150728b xxu||||| |||| 00| 0 spa d | ||
| 041 | _aEspañol | ||
| 082 | _a658.314 P896cr | ||
| 100 |
_aPrada, Raymond _939274 |
||
| 245 | _aCreatividad e innovación empresarial | ||
| 260 |
_aColombia _bTecnoPress _c2003 |
||
| 300 |
_a306 páginas _eContiene Disco Compacto N° 389 |
||
| 500 | _aContiene disco compacto N° 389 | ||
| 505 | _aContiene disco compacto N° 389 | ||
| 505 | _aDisco compacto contiene los instaladores de las aplicaciones Sinecmática y TRIZ. | ||
| 650 | _aCREATIVIDAD EMPRESARIAL | ||
| 650 | _aGESTIÓN EMPRESARIAL | ||
| 650 | _aDESARROLLO DE EMPRESAS | ||
| 650 | _aESTRATEGIAS DE INNOVACIÓN | ||
| 650 | _aADMINISTRACIÓN DE PERSONAL | ||
| 650 | _aGESTIÓN DEL CONOCIMIENTO | ||
| 650 | _aORGANIZACIONES | ||
| 650 | _aINNOVACIÓN EMPRESARIAL | ||
| 650 | _aTRANSFORMACIÓN EMPRESARIAL | ||
| 650 | _aMODELOS DE NEGOCIO INNOVADORES | ||
| 650 | _aPENSAMIENTO GRÁFICO | ||
| 650 | _aMAPAS PERCEPTUALES | ||
| 650 | _aLLUVIA DE IDEAS | ||
| 650 | _aPARADIGMAS | ||
| 650 | _aBRAINSTORMING | ||
| 650 | _aBARRERAS DE LA CREATIVIDAD | ||
| 650 | _aSINECMÁTICA | ||
| 650 | _aMOTIVACIÓN | ||
| 650 | _aANALOGÍAS | ||
| 650 | _aEMPATÍA | ||
| 650 | _aRESOLUCIÓN INVENTIVA DE PROBLEMAS | ||
| 650 | _aPERCEPCIONES Y EMOCIONES | ||
| 650 | _aMAPAS CONCEPTUALES | ||
| 650 | _aDESARROLLO DE PRODUCTOS | ||
| 942 |
_cBK _2ddc |
||
| 999 |
_c6783 _d6783 |
||